Lataa...

Dilemmas of growth : the Indian experience /

Bibliografiset tiedot
Päätekijä: Dantwala, M. L.
Aineistotyyppi: Printed Book
Kieli:English
Julkaistu: New Delhi: Sage publications, 1996.
LEADER 00461 a2200121 4500
008 100208b ||||| |||| 00| 0 eng d
082 |a 338.9 
100 |a Dantwala, M. L. 
245 |a Dilemmas of growth :   |b the Indian experience / 
260 |b Sage publications,  |a New Delhi:  |c 1996. 
942 |c PD 
999 |c 316001  |d 316001 
952 |0 0  |1 0  |2 ddc  |4 0  |6 338_900000000000000_DAN_DI  |7 0  |9 362102  |a ECN  |b ECN  |c GEN  |d 2010-09-07  |g 0.00  |i 6511  |l 0  |o 338.9 DAN/DI  |p ECN6511  |r 2010-09-07  |w 2010-09-07  |y BK